|
|
|
|
| LEADER |
00749cam a2200217 7i4500 |
| 001 |
0000046607 |
| 005 |
20200123090000.0 |
| 020 |
|
|
|a 0006860524 (pbk.)
|
| 020 |
|
|
|a 9780006860525 (pbk.)
|
| 090 |
0 |
0 |
|a D210
|b .K49 1988
|
| 100 |
1 |
|
|a Kennedy, Paul
|
| 245 |
1 |
4 |
|a The rise and fall of the great powers :
|b economic change and military conflict from 1500 to 2000
|c Paul Kennedy.
|
| 260 |
|
|
|a London:
|b Fontana Press,
|c 1988.
|
| 300 |
|
|
|a 898 p.;
|c 20 cm.
|
| 500 |
|
|
|a Gift: Zainol Ahmad Resource Center
|
| 650 |
0 |
0 |
|a History, Modern
|
| 650 |
0 |
0 |
|a Military history, Modern
|
| 650 |
0 |
0 |
|a Military readiness --
|x Economic aspects
|
| 650 |
0 |
0 |
|a Balance of power
|
| 650 |
0 |
0 |
|a Economic history
|
| 999 |
|
|
|a 0000062747
|b BOK
|c OPEN SHELF
|e 1st Floor, Bestari Jaya
|